000 00717nam a2200265Ia 4500
003 OSt
005 20221006144216.0
006 a|||||r|||| 00| 0
007 ta
008 221006b |||||||| |||| 00| 0 eng d
020 _c
_7.00
024 _a11,144
037 _cTextual
040 _aEASL
_cEASL
_beng
041 _2eng
_aeng
082 _aR8413xC995, K4
100 _aFUNG Yu-Lan
245 0 _aChuang-tzu
_b A new selected translation with an exposition of the philosophy of Kuo Hsiang
260 _aNew York
_bParagon Book
_c1964
300 _a167p.
_ccm.
490 _v CEL
650 _aCEL
942 _hR8413xC995, K4
_cTEXL
_2CC
999 _c1079230
_d1079230